[Event "V4Liptov2018"]
[Site "?"]
[Date "2018.06.23"]
[Round "1.25"]
[White "Ptacek, Jan"]
[Black "Sankova, Stella"]
[Result "1-0"]
[BlackElo "2102"]
[WhiteElo "1847"]
[LiveChessVersion "1.4.8"]

1. e4 {[%clk 1:00:57]} c5 {[%clk 1:00:55]} 2. Nf3 {[%clk 1:01:17]} d6
{[%clk 1:01:20]} 3. d4 {[%clk 1:01:41]} cxd4 {[%clk 1:01:45]} 4. Nxd4
{[%clk 1:02:03]} Nf6 {[%clk 1:02:09]} 5. Nc3 {[%clk 1:02:21]} a6 {[%clk 1:02:33]}
6. Be2 {[%clk 1:02:41]} e5 {[%clk 1:02:52]} 7. Nb3 {[%clk 1:02:56]} Be7
{[%clk 1:03:17]} 8. O-O {[%clk 0:59:51]} O-O {[%clk 1:03:12]} 9. Kh1
{[%clk 0:58:26]} Be6 {[%clk 1:02:57]} 10. f4 {[%clk 0:58:04]} exf4
{[%clk 1:02:36]} 11. Bxf4 {[%clk 0:56:50]} Nc6 {[%clk 1:03:01]} 12. Nd4
{[%clk 0:56:30]} Nxd4 {[%clk 0:57:03]} 13. Qxd4 {[%clk 0:54:51]} Qc7
{[%clk 0:46:43]} 14. Bd3 {[%clk 0:40:22]} Qc5 {[%clk 0:43:57]} 15. Be3
{[%clk 0:34:58]} Rac8 {[%clk 0:42:22]} 16. Na4 {[%clk 0:33:15]} Qxd4
{[%clk 0:39:49]} 17. Bxd4 {[%clk 0:33:43]} b5 {[%clk 0:40:06]} 18. Nc3
{[%clk 0:33:42]} Nd7 {[%clk 0:39:15]} 19. Rae1 {[%clk 0:31:51]} Ne5
{[%clk 0:37:52]} 20. Bxe5 {[%clk 0:25:37]} dxe5 {[%clk 0:38:18]} 21. Nd5
{[%clk 0:25:40]} Bg5 {[%clk 0:35:01]} 22. b3 {[%clk 0:21:13]} Rfd8
{[%clk 0:31:18]} 23. c4 {[%clk 0:20:36]} a5 {[%clk 0:22:36]} 24. cxb5
{[%clk 0:17:53]} f5 {[%clk 0:19:03]} 25. Bc4 {[%clk 0:16:12]} Kh8
{[%clk 0:16:19]} 26. Nb6 {[%clk 0:14:59]} Rb8 {[%clk 0:13:01]} 27. Bxe6
{[%clk 0:13:35]} Rxb6 {[%clk 0:13:27]} 28. Bc4 {[%clk 0:14:00]} f4
{[%clk 0:12:48]} 29. Rd1 {[%clk 0:13:23]} Rbd6 {[%clk 0:12:48]} 30. Rd5
{[%clk 0:13:13]} Rxd5 {[%clk 0:12:47]} 31. Bxd5 {[%clk 0:13:37]} Rb8
{[%clk 0:11:28]} 32. a4 {[%clk 0:13:57]} g6 {[%clk 0:09:58]} 33. Rc1
{[%clk 0:12:33]} f3 {[%clk 0:09:10]} 34. Rc2 {[%clk 0:12:58]} fxg2+
{[%clk 0:08:40]} 35. Kxg2 {[%clk 0:13:27]} Be3 {[%clk 0:08:40]} 36. Kf3
{[%clk 0:12:51]} Bd4 {[%clk 0:08:31]} 37. Ke2 {[%clk 0:12:23]} h6
{[%clk 0:05:12]} 38. Rc7 {[%clk 0:12:06]} Rf8 {[%clk 0:04:38]} 39. Rc6
{[%clk 0:11:13]} Kg7 {[%clk 0:04:13]} 40. b6 {[%clk 0:10:18]} Rb8
{[%clk 0:03:41]} 41. Rc7+ {[%clk 0:10:15]} Kf6 {[%clk 0:03:48]} 42. b7
{[%clk 0:10:11]} g5 {[%clk 0:03:23]} 43. Rc6+ {[%clk 0:09:49]} Ke7
{[%clk 0:03:22]} 44. Ra6 {[%clk 0:09:34]} Bc5 {[%clk 0:03:19]} 45. Rxa5
{[%clk 0:08:52]} Bd6 {[%clk 0:03:38]} 46. Ra8 {[%clk 0:07:59]} Kd8
{[%clk 0:04:01]} 47. a5 {[%clk 0:08:04]} Kc7 {[%clk 0:04:04]} 48. a6
{[%clk 0:08:01]} Bc5 {[%clk 0:04:12]} 49. a7 {[%clk 0:08:04]} Rxb7
{[%clk 0:04:16]} 50. Bxb7 {[%clk 0:08:28]} Kxb7 {[%clk 0:04:45]} 51. Rh8
{[%clk 0:08:45]} Kxa7 {[%clk 0:04:32]} 52. Rxh6 {[%clk 0:09:05]} Bg1
{[%clk 0:04:05]} 53. Kf3 {[%clk 0:09:15]} Kb7 {[%clk 0:04:24]} 54. Kg4
{[%clk 0:09:28]} Be3 {[%clk 0:04:49]} 55. Kf5 {[%clk 0:09:40]} Bf4
{[%clk 0:05:14]} 56. h3 {[%clk 0:09:57]} Kc7 {[%clk 0:05:18]} 57. Rg6
{[%clk 0:10:18]} Kd7 {[%clk 0:05:34]} 58. Rxg5 {[%clk 0:10:22]} 1-0

[Event "V4Liptov2018"]
[Site "?"]
[Date "2018.06.23"]
[Round "1.26"]
[White "Bielik, Jakub"]
[Black "Volaninova, Sarka"]
[Result "1-0"]
[BlackElo "1680"]
[WhiteElo "1975"]
[LiveChessVersion "1.4.8"]

1. e4 {[%clk 1:00:56]} c5 {[%clk 1:00:53]} 2. Nf3 {[%clk 1:01:22]} e6
{[%clk 1:01:12]} 3. g3 {[%clk 1:01:46]} Qc7 {[%clk 1:00:51]} 4. Bg2
{[%clk 1:02:04]} Nc6 {[%clk 1:01:04]} 5. O-O {[%clk 1:02:26]} Nf6
{[%clk 1:00:46]} 6. Re1 {[%clk 1:02:25]} d6 {[%clk 1:00:47]} 7. Nc3
{[%clk 1:01:49]} a6 {[%clk 1:01:05]} 8. d4 {[%clk 1:01:49]} cxd4 {[%clk 1:00:18]}
9. Nxd4 {[%clk 1:02:13]} Bd7 {[%clk 0:59:47]} 10. Be3 {[%clk 0:54:52]} Be7
{[%clk 0:56:46]} 11. Qe2 {[%clk 0:52:37]} O-O {[%clk 0:53:05]} 12. Rad1
{[%clk 0:52:46]} Rac8 {[%clk 0:50:15]} 13. Nb3 {[%clk 0:51:39]} Ne5
{[%clk 0:48:46]} 14. Bc1 {[%clk 0:42:35]} b5 {[%clk 0:45:10]} 15. Nd4
{[%clk 0:39:40]} Nc6 {[%clk 0:42:36]} 16. Nf3 {[%clk 0:36:07]} b4
{[%clk 0:40:48]} 17. Nb1 {[%clk 0:34:59]} Na5 {[%clk 0:39:42]} 18. Nd4
{[%clk 0:31:53]} e5 {[%clk 0:29:59]} 19. Nb3 {[%clk 0:24:31]} Nc4
{[%clk 0:27:33]} 20. c3 {[%clk 0:21:35]} a5 {[%clk 0:24:18]} 21. N3d2
{[%clk 0:15:11]} Be6 {[%clk 0:23:30]} 22. cxb4 {[%clk 0:12:43]} axb4
{[%clk 0:22:59]} 23. b3 {[%clk 0:12:24]} Nxd2 {[%clk 0:22:01]} 24. Nxd2
{[%clk 0:11:59]} Qc2 {[%clk 0:20:46]} 25. Nf1 {[%clk 0:11:31]} Qxe2
{[%clk 0:19:21]} 26. Rxe2 {[%clk 0:11:06]} Rc6 {[%clk 0:17:58]} 27. Ne3
{[%clk 0:08:02]} Rfc8 {[%clk 0:15:55]} 28. Bd2 {[%clk 0:06:47]} Rb6
{[%clk 0:15:08]} 29. Be1 {[%clk 0:06:37]} h6 {[%clk 0:14:16]} 30. Rc2
{[%clk 0:06:21]} Ra8 {[%clk 0:09:28]} 31. Ra1 {[%clk 0:05:25]} Bxb3
{[%clk 0:09:12]} 32. Rb2 {[%clk 0:03:54]} Be6 {[%clk 0:08:51]} 33. Rxb4
{[%clk 0:03:59]} Rxb4 {[%clk 0:08:53]} 34. Bxb4 {[%clk 0:04:24]} Rxa2
{[%clk 0:09:02]} 35. Rxa2 {[%clk 0:03:53]} Bxa2 {[%clk 0:09:26]} 36. Nf5
{[%clk 0:04:13]} Bf8 {[%clk 0:08:00]} 37. Bxd6 {[%clk 0:04:29]} Bxd6
{[%clk 0:08:04]} 38. Nxd6 {[%clk 0:04:54]} Kf8 {[%clk 0:07:23]} 39. f3
{[%clk 0:04:00]} g6 {[%clk 0:06:55]} 40. Bf1 {[%clk 0:03:03]} Ke7
{[%clk 0:06:42]} 41. Nc4 {[%clk 0:03:21]} Nd7 {[%clk 0:06:50]} 42. Kf2
{[%clk 0:02:51]} Ke6 {[%clk 0:05:55]} 43. Ke3 {[%clk 0:03:04]} Nc5
{[%clk 0:04:36]} 44. Nd2 {[%clk 0:02:36]} Kd6 {[%clk 0:04:16]} 45. Bb5
{[%clk 0:02:38]} f6 {[%clk 0:04:01]} 46. Be8 {[%clk 0:02:08]} g5 {[%clk 0:04:04]}
47. Bb5 {[%clk 0:02:26]} Bf7 {[%clk 0:02:52]} 48. Nc4+ {[%clk 0:02:16]} Kc7
{[%clk 0:02:02]} 49. Nb2 {[%clk 0:02:05]} Kb6 {[%clk 0:02:10]} 50. Bc4
{[%clk 0:02:02]} Be8 {[%clk 0:02:01]} 51. Kd2 {[%clk 0:01:50]} Bh5
{[%clk 0:01:41]} 52. g4 {[%clk 0:01:51]} Be8 {[%clk 0:01:47]} 53. Nd1
{[%clk 0:01:40]} h5 {[%clk 0:01:45]} 54. h3 {[%clk 0:01:02]} h4 {[%clk 0:01:43]}
55. Ne3 {[%clk 0:01:22]} Kc6 {[%clk 0:00:38]} 56. Nd5 {[%clk 0:01:32]} Nd7
{[%clk 0:00:54]} 57. Kc3 {[%clk 0:01:08]} Kc5 {[%clk 0:01:03]} 58. Nc7
{[%clk 0:01:10]} Bg6 59. Be6 {[%clk 0:01:12]} Nb6 {[%clk 0:00:38]} 60. Na6+
{[%clk 0:00:53]} Kd6 {[%clk 0:00:42]} 61. Bg8 {[%clk 0:01:03]} Be8
{[%clk 0:00:37]} 62. Nb4 {[%clk 0:01:04]} Kc5 {[%clk 0:00:40]} 63. Nd3+
{[%clk 0:01:16]} Kd6 {[%clk 0:00:55]} 64. Bb3 {[%clk 0:01:17]} Bd7
{[%clk 0:01:01]} 65. Kb4 {[%clk 0:01:24]} Be8 {[%clk 0:01:15]} 66. Nc5
{[%clk 0:01:25]} Bc6 {[%clk 0:01:00]} 67. Ne6 {[%clk 0:01:22]} Bd7
{[%clk 0:00:58]} 68. Ng7 {[%clk 0:01:19]} Nc8 {[%clk 0:00:44]} 69. Nh5
{[%clk 0:01:20]} Ke7 {[%clk 0:01:03]} 70. Kc5 {[%clk 0:01:29]} Na7
{[%clk 0:00:58]} 71. Kb6 {[%clk 0:01:15]} Nc8+ {[%clk 0:01:12]} 72. Kc7
{[%clk 0:01:40]} Na7 {[%clk 0:01:34]} 73. Bc4 {[%clk 0:01:03]} Nc8
{[%clk 0:01:23]} 74. Ba6 {[%clk 0:01:00]} Na7 {[%clk 0:01:37]} 75. Nxf6
{[%clk 0:00:56]} Nb5+ {[%clk 0:00:45]} 76. Bxb5 {[%clk 0:01:21]} Bxb5
{[%clk 0:01:12]} 77. Nh7 {[%clk 0:01:41]} Bc4 {[%clk 0:00:55]} 78. Nxg5
{[%clk 0:01:14]} Kf6 {[%clk 0:01:10]} 79. f4 {[%clk 0:01:32]} exf4
{[%clk 0:01:32]} 80. Nf3 {[%clk 0:01:58]} Bf1 {[%clk 0:01:48]} 81. Kd6
{[%clk 0:02:14]} Bc4 {[%clk 0:00:55]} 82. e5+ {[%clk 0:02:25]} Kf7
{[%clk 0:01:19]} 83. Nxh4 1-0

[Event "V4Liptov2018"]
[Site "?"]
[Date "2018.06.23"]
[Round "1.27"]
[White "Cipl, Jan"]
[Black "Zahorcek, Jakub"]
[Result "1-0"]
[BlackElo "1579"]
[WhiteElo "1481"]
[LiveChessVersion "1.4.8"]

1. e4 {[%clk 1:00:53]} e6 {[%clk 1:00:52]} 2. d4 {[%clk 1:01:12]} d5
{[%clk 1:01:13]} 3. exd5 {[%clk 1:00:57]} exd5 {[%clk 1:01:31]} 4. Nf3
{[%clk 1:00:19]} Bd6 {[%clk 1:01:40]} 5. c4 {[%clk 0:59:39]} Nf6 {[%clk 0:59:35]}
6. Nc3 {[%clk 0:58:51]} dxc4 {[%clk 0:58:15]} 7. Bxc4 {[%clk 0:58:56]} O-O
{[%clk 0:58:27]} 8. O-O {[%clk 0:58:06]} Bg4 {[%clk 0:58:22]} 9. Qd3
{[%clk 0:55:39]} c6 {[%clk 0:56:31]} 10. Bg5 {[%clk 0:54:35]} Nbd7
{[%clk 0:56:01]} 11. Rfe1 {[%clk 0:52:02]} Qc7 {[%clk 0:53:40]} 12. h3
{[%clk 0:51:47]} Bh5 {[%clk 0:53:19]} 13. Rac1 {[%clk 0:47:58]} h6
{[%clk 0:53:26]} 14. Bxf6 {[%clk 0:45:26]} Nxf6 {[%clk 0:53:42]} 15. g4
{[%clk 0:39:35]} Bg6 {[%clk 0:53:20]} 16. Qxg6 {[%clk 0:39:38]} Kh8
{[%clk 0:50:20]} 17. Qf5 {[%clk 0:39:05]} 1-0

[Event "V4Liptov2018"]
[Site "?"]
[Date "2018.06.23"]
[Round "1.28"]
[White "Kostelansky, Karol"]
[Black "Cizek, Jan"]
[Result "1-0"]
[BlackElo "1400"]
[WhiteElo "1607"]
[LiveChessVersion "1.4.8"]

1. e4 {[%clk 1:00:55]} e5 {[%clk 1:00:26]} 2. Nf3 {[%clk 1:01:12]} Nc6
{[%clk 1:00:17]} 3. c3 {[%clk 1:01:20]} d5 {[%clk 0:58:48]} 4. Qa4
{[%clk 1:01:22]} f6 {[%clk 0:53:58]} 5. Bb5 {[%clk 0:53:26]} Nge7
{[%clk 0:50:12]} 6. O-O {[%clk 0:50:04]} dxe4 {[%clk 0:47:18]} 7. Qxe4
{[%clk 0:50:15]} Bf5 {[%clk 0:47:28]} 8. Bxc6+ {[%clk 0:50:12]} bxc6
{[%clk 0:47:40]} 9. Qa4 {[%clk 0:42:57]} Bd3 {[%clk 0:43:25]} 10. Re1
{[%clk 0:43:07]} Qd7 {[%clk 0:39:46]} 11. Re3 {[%clk 0:42:08]} Bb5
{[%clk 0:38:58]} 12. Qb3 {[%clk 0:41:42]} c5 {[%clk 0:34:08]} 13. d4
{[%clk 0:24:30]} cxd4 {[%clk 0:29:13]} 14. cxd4 {[%clk 0:24:42]} Nf5
{[%clk 0:25:09]} 15. Re1 {[%clk 0:23:40]} Nxd4 {[%clk 0:21:11]} 16. Nxd4
{[%clk 0:23:54]} Qxd4 {[%clk 0:21:32]} 17. Qxb5+ {[%clk 0:24:15]} Kf7
{[%clk 0:21:11]} 18. Nc3 {[%clk 0:24:10]} 1-0

[Event "V4Liptov2018"]
[Site "?"]
[Date "2018.06.23"]
[Round "1.29"]
[White "Lengyel, Andrea"]
[Black "Vancura, Jakub"]
[Result "0-1"]
[BlackElo "1737"]
[WhiteElo "1938"]
[LiveChessVersion "1.4.8"]

1. d4 {[%clk 1:00:58]} Nf6 {[%clk 1:00:55]} 2. c4 {[%clk 1:01:20]} g6
{[%clk 1:01:19]} 3. f3 {[%clk 1:01:47]} d6 {[%clk 0:57:56]} 4. e4
{[%clk 1:02:03]} Bg7 {[%clk 0:57:53]} 5. Nc3 {[%clk 1:02:23]} O-O
{[%clk 0:57:56]} 6. Be3 {[%clk 1:02:02]} Nbd7 {[%clk 0:54:46]} 7. Qd2
{[%clk 1:02:14]} c5 {[%clk 0:52:52]} 8. d5 {[%clk 1:00:35]} a6 {[%clk 0:46:51]}
9. h3 {[%clk 0:59:59]} Rb8 {[%clk 0:45:37]} 10. g4 {[%clk 0:58:57]} Nb6
{[%clk 0:40:45]} 11. h4 {[%clk 0:56:49]} h5 {[%clk 0:36:39]} 12. gxh5
{[%clk 0:39:41]} Nxh5 {[%clk 0:36:42]} 13. Bd3 {[%clk 0:39:16]} Nd7
{[%clk 0:29:53]} 14. f4 {[%clk 0:34:26]} Ndf6 {[%clk 0:24:12]} 15. f5
{[%clk 0:28:13]} Ng4 {[%clk 0:16:46]} 16. Bg5 {[%clk 0:18:08]} Ne5
{[%clk 0:14:02]} 17. Be2 {[%clk 0:08:24]} Bd7 {[%clk 0:09:46]} 18. Bxh5
{[%clk 0:05:34]} gxh5 {[%clk 0:10:11]} 19. Qe2 {[%clk 0:05:59]} Ng4
{[%clk 0:10:07]} 20. Nh3 {[%clk 0:05:12]} Be5 {[%clk 0:08:07]} 21. Rg1
{[%clk 0:05:04]} Kh7 {[%clk 0:05:44]} 22. Rg2 {[%clk 0:03:14]} f6
{[%clk 0:05:37]} 23. Bd2 {[%clk 0:03:16]} Rg8 {[%clk 0:05:38]} 24. Nf2
{[%clk 0:03:15]} Qe8 {[%clk 0:03:34]} 25. Nxg4 {[%clk 0:03:19]} hxg4
{[%clk 0:03:32]} 26. Rxg4 {[%clk 0:03:28]} Qf7 {[%clk 0:02:53]} 27. Rxg8
{[%clk 0:01:56]} Rxg8 {[%clk 0:03:16]} 28. O-O-O {[%clk 0:01:56]} Be8
{[%clk 0:02:48]} 29. Kc2 {[%clk 0:01:37]} Qg7 {[%clk 0:02:21]} 30. Qe3
{[%clk 0:01:53]} Bd4 {[%clk 0:02:00]} 31. Qf4 {[%clk 0:01:59]} Be5
{[%clk 0:02:19]} 32. Qf3 {[%clk 0:02:12]} Qg4 {[%clk 0:02:18]} 33. Qxg4
{[%clk 0:01:27]} Rxg4 {[%clk 0:02:43]} 34. h5 {[%clk 0:01:55]} Bxc3
{[%clk 0:02:44]} 35. bxc3 {[%clk 0:01:52]} Ba4+ {[%clk 0:03:09]} 0-1

[Event "V4Liptov2018"]
[Site "?"]
[Date "2018.06.23"]
[Round "1.30"]
[White "Oplustil, Pavel"]
[Black "Zlotov, Viktor"]
[Result "1-0"]
[BlackElo "1630"]
[WhiteElo "1328"]
[LiveChessVersion "1.4.8"]

1. e4 {[%clk 1:00:57]} c5 {[%clk 1:00:53]} 2. Nf3 {[%clk 1:01:22]} d6
{[%clk 1:01:16]} 3. d4 {[%clk 1:01:44]} cxd4 {[%clk 1:01:39]} 4. Nxd4
{[%clk 1:02:07]} Nf6 {[%clk 1:01:52]} 5. Nc3 {[%clk 1:01:45]} g6 {[%clk 1:01:58]}
6. f3 {[%clk 1:01:49]} Bg7 {[%clk 1:01:31]} 7. Be3 {[%clk 1:02:01]} O-O
{[%clk 1:01:04]} 8. Bc4 {[%clk 1:01:52]} Bd7 {[%clk 1:01:05]} 9. Qd2
{[%clk 1:02:01]} Nc6 {[%clk 1:00:29]} 10. O-O-O {[%clk 1:02:18]} Rc8
{[%clk 1:00:44]} 11. Bb3 {[%clk 1:02:39]} Ne5 {[%clk 1:00:01]} 12. h4
{[%clk 1:02:08]} h5 {[%clk 0:59:32]} 13. Rdg1 {[%clk 1:01:34]} a5
{[%clk 0:56:32]} 14. a3 {[%clk 0:57:50]} a4 {[%clk 0:52:06]} 15. Ba2
{[%clk 0:53:58]} Nc4 {[%clk 0:51:04]} 16. Bxc4 {[%clk 0:54:23]} Rxc4
{[%clk 0:51:28]} 17. g4 {[%clk 0:54:19]} b5 {[%clk 0:50:46]} 18. gxh5
{[%clk 0:54:06]} Nxh5 {[%clk 0:50:53]} 19. Rg5 {[%clk 0:54:25]} b4
{[%clk 0:47:24]} 20. axb4 {[%clk 0:50:43]} Rxb4 {[%clk 0:43:28]} 21. Rhg1
{[%clk 0:49:36]} Kh7 {[%clk 0:41:33]} 22. Nd5 {[%clk 0:46:38]} Rb7
{[%clk 0:40:24]} 23. Nf4 {[%clk 0:45:36]} a3 {[%clk 0:36:31]} 24. bxa3
{[%clk 0:42:15]} Nxf4 {[%clk 0:35:50]} 25. Bxf4 {[%clk 0:40:23]} Qb6
{[%clk 0:34:04]} 26. Nb3 {[%clk 0:39:52]} Rc8 {[%clk 0:26:24]} 27. Kd1
{[%clk 0:37:56]} Ba4 {[%clk 0:23:40]} 28. Be3 {[%clk 0:36:18]} Qa6
{[%clk 0:22:00]} 29. h5 {[%clk 0:33:45]} Rxb3 {[%clk 0:19:12]} 30. hxg6+
{[%clk 0:33:56]} fxg6 {[%clk 0:19:38]} 31. Rh1+ {[%clk 0:33:56]} Bh6
{[%clk 0:18:38]} 32. Rxh6+ {[%clk 0:29:50]} Kxh6 {[%clk 0:18:58]} 33. Ra5+
{[%clk 0:29:30]} Kg7 {[%clk 0:17:54]} 34. Rxa6 {[%clk 0:28:42]} Rb1+
{[%clk 0:17:03]} 35. Ke2 {[%clk 0:27:38]} Bb5+ {[%clk 0:16:15]} 36. Kf2
{[%clk 0:26:45]} Bxa6 {[%clk 0:15:56]} 37. Qd4+ {[%clk 0:25:44]} Kf7
{[%clk 0:13:49]} 38. Qd5+ {[%clk 0:23:14]} Ke8 {[%clk 0:13:17]} 39. Qg8+
{[%clk 0:20:32]} Kd7 {[%clk 0:13:39]} 40. Qxg6 {[%clk 0:20:45]} Rxc2+
{[%clk 0:12:51]} 41. Kg3 {[%clk 0:21:07]} Bf1 {[%clk 0:10:42]} 42. Qf5+
{[%clk 0:20:45]} Ke8 {[%clk 0:10:49]} 43. a4 {[%clk 0:17:54]} Rg2+
{[%clk 0:08:00]} 44. Kh4 {[%clk 0:17:22]} Ba6 {[%clk 0:04:02]} 45. Qh3
{[%clk 0:16:36]} 1-0